00897nam a2200229 a 4500001001000000003000500010005001700015008004100032010001100073011001100084040000900095100003800104245019000142260004100332500006000373502006900433650001300502650002200515650003700537650002300574856007000597000109715CHAP20220329144101.0140521s2014 mx a sm |||||||spa d a106177 a107149 cCHAP1 aGarcía Montesinos, Luis Enrique10aComparación entre la EUPS y la metodología de morgan para estimar erosión hídrica en la microcuenca de Acaxochitlan, Hidalgoh[En línea]cpor Luis Enrique García Montesinos. aChapingo, Méx. :bEl autor,c2014. aPara ver el contenido del material haga clic en la liga aTesis (Ing. Agr. Esp. en Suelos) -- UACH. Departamento de Suelos14aCuencas.14aSensores remotos.14aSuelosxConservaciónxHidalgo.14aSuelosxErosión. aFinding aiduhttp://10.13.5.2/tesis/sist109715.pdfzTeclea aquí